000 00350 a2200157 4500
001 62733
020 _a9789604430819
040 _cAnchieta - Pituba
100 _aPerrault, Charles
240 1 0 _aBeauty and the beast
_lIng
245 1 0 _aBeauty and the beast
300 _a32
362 0 _a2005
650 4 _aInglês e inglês antigo
942 _cBK
999 _c62733
_d62733